| 000 | 01037nam a22003138i 4500 | ||
|---|---|---|---|
| 001 | 016869165 | ||
| 003 | OSt | ||
| 005 | 20141222154656.0 | ||
| 008 | 140911s2014 xxkadk frb f001 0 eng d | ||
| 020 | _a9781316147313 (PDF ebook) | ||
| 020 | _z9781107077232 (hbk.) | ||
| 040 |
_aStDuBDS _beng _cStDuBDS _epn _dEG-ScBUE |
||
| 082 | 0 | 0 |
_a006.312 _222 _bLES |
| 100 | 1 |
_aLeskovec, Jurij _937020 |
|
| 245 | 1 | 0 |
_aMining of massive datasets / _cJure Leskovec, Anand Rajaraman, Jeffrey David Ullman. |
| 250 | _a2nd ed. | ||
| 260 |
_aCambridge, United Kingdom : _bCambridge University Press, _c2014. |
||
| 300 |
_axi, 467 p. : _bcharts, forms, tables ; _c26 cm. |
||
| 500 | _aPrevious edition : 2012. | ||
| 500 | _aIndex : p. 459-467. | ||
| 504 | _aIncludes bibliographical references. | ||
| 650 | 0 |
_aData mining _927695 |
|
| 650 | 0 |
_aBig data _936502 |
|
| 653 |
_bCOMSCI _cDecember2014 |
||
| 655 |
_vreading book _934232 |
||
| 700 | 1 |
_aRajaraman, Anand _937021 |
|
| 700 | 1 |
_aUllman, Jeffrey D., _d1942- _937022 |
|
| 942 |
_2ddc _k006.312 LES |
||
| 999 |
_c18814 _d18786 |
||